000
00282nam a22001337a 4500
008
170206b xxu||||| |||| 00| 0 eng d
020
_a
9780071377287
041
_a
eng
080
_a
61
100
_a
3
101
_a
SHM
245
_a
USMLE STEP 2
_c
CARLYLE.H CHAN
942
_2
udc
_c
BK
999
_c
4691
_d
4691